Papers from the 17th NOFOMA conference held in Copenhagen, Denmark, 2005

Bibliographic Details
Corporate Author: ProQuest (Firm)
Other Authors: Gammelgaard, Britta., van Hoek, Remko.
Format: Electronic eBook
Language:English
Published: Bradford, England : Emerald Group Publishing, c2006.
Series:International Journal of Physical Distribution & Logistics Management ; 36, no. 2
Subjects:
Online Access:Click to View
LEADER 01341nam a2200337Ia 4500
001 EBC258151
003 MiAaPQ
005 20200520144314.0
006 m o d |
007 cr cn|||||||||
008 000815s2006 enk s 000 0 eng d
020 |z 1845449622 
035 |a (MiAaPQ)EBC258151 
035 |a (Au-PeEL)EBL258151 
035 |a (CaPaEBR)ebr10146670 
035 |a (CaONFJC)MIL70561 
035 |a (OCoLC)182530127 
040 |a MiAaPQ  |c MiAaPQ  |d MiAaPQ 
050 4 |a HF5415.7  |b .P37 2006 
245 0 0 |a Papers from the 17th NOFOMA conference held in Copenhagen, Denmark, 2005  |h [electronic resource] /  |c guest editors: Britta Gammelgaard and Remko van Hoek. 
260 |a Bradford, England :  |b Emerald Group Publishing,  |c c2006. 
300 |a 102 p. 
490 0 |a International Journal of Physical Distribution & Logistics Management ;  |v 36, no. 2 
533 |a Electronic reproduction. Ann Arbor, MI : ProQuest, 2015. Available via World Wide Web. Access may be limited to ProQuest affiliated libraries. 
650 0 |a Physical distribution of goods  |x Management. 
650 0 |a Business logistics. 
655 4 |a Electronic books. 
700 1 |a Gammelgaard, Britta. 
700 1 |a van Hoek, Remko. 
710 2 |a ProQuest (Firm) 
856 4 0 |u https://ebookcentral.proquest.com/lib/matrademy/detail.action?docID=258151  |z Click to View